000 00376nam a22001457a 4500
008 210312b ||||| |||| 00| 0 eng d
020 _a2901323031604
041 _aeng
080 _26th
_a510
082 _a510
100 _a36
101 _aMAT
245 _aMathematics with the Applications in the Management, Natural and Social Sciences
_cLial, M. L
942 _2udc
_cBK
999 _c56579
_d56579